All Deafheaven Songs - Statistics

General Stats
  • This quiz has been taken 4 times
  • The average score is 34 of 46
Answer Stats
Answer % Correct
Body Behavior
100%
Canary Yellow
100%
Dream House
100%
Glint
100%
Honeycomb
100%
Near
100%
Night People
100%
Sunbather
100%
The Pecan Tree
100%
Vertigo
100%
Winona
100%
You Without End
100%
Amethyst
67%
Baby Blue
67%
Black Brick
67%
Brought to the Water
67%
Come Back
67%
Doberman
67%
From the Kettle Onto the Coil
67%
Gifts for the Earth
67%
Great Mass of Color
67%
Heathen
67%
Incidental I
67%
Incidental II
67%
Incidental III
67%
Irresistible
67%
Lament for Wasps
67%
Language Games
67%
Luna
67%
Magnolia
67%
Mombasa
67%
Neptune Raining Diamonds
67%
Other Language
67%
Please Remember
67%
Revelator
67%
Shellstar
67%
The Garden Route
67%
The Gnashing
67%
The Marvelous Orange Tree
67%
Tunnel of Trees
67%
Unrequited
67%
Villain
67%
Violet
67%
Windows
67%
Worthless Animal
67%
In Blur
33%
No matching quizzes found
Score Distribution
Percent of People with Each Score
Percentile by Number Answered
Your Score History
You have not taken this quiz